[Event "OP-2012-0-02504"]
[Site "LSS email"]
[Date "2012.11.29"]
[Round "?"]
[White "Testa, Italo"]
[Black "Kuzmin, Konstantin"]
[Result "0-1"]
[WhiteElo "983"]
[BlackElo "2037"]
[PlyCount "44"]
[EventDate "2012.11.17"]
[EventType "tourn (corr)"]
[EventRounds "4"]
[EventCountry "GER"]
[SourceTitle "Telechess CBM 161"]
[Source "ChessBase"]
[SourceDate "2014.07.16"]
[SourceVersion "1"]
[SourceVersionDate "2014.07.16"]
[SourceQuality "1"]

1. e4 c5 2. Nc3 g6 3. Bc4 Bg7 4. d3 Nc6 5. Nge2 e6 6. 0-0 Nge7 7. a3 0-0 8. Bd2 a6 9. f4 d5 10. exd5 exd5 11. Ba2 Re8 12. Qc1 b5 13. h3 b4 14. Nd1 Nf5 15. Re1 Ra7 16. axb4 cxb4 17. Bb3 Rae7 18. Kf1 Rxe2 19. Rxe2 Ng3+ 20. Kf2 Nxe2 21. Qb1 Qh4+ 22. Kf1 Bd4 0-1

[Event "OP-2012-0-02504"]
[Site "LSS email"]
[Date "2012.11.29"]
[Round "?"]
[White "Wajnberg, Piotr"]
[Black "Testa, Italo"]
[Result "1-0"]
[WhiteElo "2246"]
[BlackElo "983"]
[PlyCount "45"]
[EventDate "2012.11.17"]
[EventType "tourn (corr)"]
[EventRounds "4"]
[EventCountry "GER"]
[SourceTitle "Telechess CBM 161"]
[Source "ChessBase"]
[SourceDate "2014.07.16"]
[SourceVersion "1"]
[SourceVersionDate "2014.07.16"]
[SourceQuality "1"]

1. e4 e5 2. Nf3 d6 3. d4 exd4 4. Nxd4 Nf6 5. Nc3 Be7 6. g3 0-0 7. Bg2 c5 8. Nde2 Nc6 9. 0-0 Be6 10. b3 Qd7 11. Nf4 Rad8 12. Bb2 Ne5 13. Nxe6 fxe6 14. f4 Nc4 15. bxc4 a6 16. Qe2 Rfe8 17. e5 dxe5 18. fxe5 Qd4+ 19. Rf2 Ng4 20. Nd1 Qd7 21. Qxg4 Rf8 22. Bd5 exd5 23. e6 1-0

[Event "OP-2012-0-02393"]
[Site "LSS email"]
[Date "2012.09.08"]
[Round "?"]
[White "Huerga, Aser"]
[Black "Testa, Italo"]
[Result "1-0"]
[WhiteElo "1429"]
[BlackElo "947"]
[PlyCount "45"]
[EventDate "2012.09.04"]
[EventType "tourn (corr)"]
[EventRounds "4"]
[EventCountry "GER"]
[SourceTitle "Telechess CBM 165"]
[Source "ChessBase"]
[SourceDate "2015.03.11"]
[SourceVersion "1"]
[SourceVersionDate "2015.03.11"]
[SourceQuality "1"]

1. e4 e5 2. Nf3 d6 3. d4 exd4 4. Nxd4 Nf6 5. Nc3 Bd7 6. Be3 Nc6 7. f3 Be7 8. Qd2 Nxd4 9. Bxd4 a6 10. 0-0-0 0-0 11. g4 Bc6 12. h4 Nd7 13. g5 Ne5 14. Qe3 Qe8 15. f4 Nd7 16. h5 f5 17. Bc4+ Kh8 18. h6 Nf6 19. hxg7+ Kxg7 20. gxf6+ Bxf6 21. Qh3 h5 22. Rdg1+ Kh6 23. Be2 1-0

[Event "RN-2012-0-00518"]
[Site "LSS email"]
[Date "2012.08.14"]
[Round "?"]
[White "Goepfert, Christian"]
[Black "Testa, Italo"]
[Result "0-1"]
[WhiteElo "687"]
[BlackElo "947"]
[PlyCount "56"]
[EventDate "2012.08.06"]
[EventType "tourn (corr)"]
[EventRounds "6"]
[EventCountry "GER"]
[SourceTitle "Telechess CBM 165"]
[Source "ChessBase"]
[SourceDate "2015.03.11"]
[SourceVersion "1"]
[SourceVersionDate "2015.03.11"]
[SourceQuality "1"]

1. e4 e5 2. Nf3 d6 3. d4 exd4 4. Nxd4 Nf6 5. Nc3 Bd7 6. Bc4 Nc6 7. 0-0 Be7 8. Re1 Nxd4 9. Qxd4 0-0 10. Bg5 h6 11. Bh4 Be6 12. Bd3 Re8 13. e5 dxe5 14. Qxe5 Bd6 15. Bxf6 Qxf6 16. Qxf6 gxf6 17. Ne4 Be5 18. Rab1 Bxa2 19. Ra1 Bd5 20. c4 Bxe4 21. Rxe4 f5 22. Re3 Bxb2 23. Rxe8+ Rxe8 24. Rxa7 Rd8 25. Be2 Re8 26. Kf1 Rb8 27. c5 Bd4 28. c6 Bxa7 0-1

[Event "RN-2012-0-00518"]
[Site "LSS email"]
[Date "2012.08.13"]
[Round "?"]
[White "Testa, Italo"]
[Black "Venturas, Bob"]
[Result "1-0"]
[WhiteElo "947"]
[BlackElo "730"]
[PlyCount "39"]
[EventDate "2012.08.06"]
[EventType "tourn (corr)"]
[EventRounds "6"]
[EventCountry "GER"]
[SourceTitle "Telechess CBM 165"]
[Source "ChessBase"]
[SourceDate "2015.03.11"]
[SourceVersion "1"]
[SourceVersionDate "2015.03.11"]
[SourceQuality "1"]

1. e4 e5 2. a3 a6 3. Nc3 Nc6 4. Bc4 Nf6 5. d3 h6 6. Nf3 Bc5 7. h3 0-0 8. 0-0 d6 9. Be3 Bd4 10. Bxd4 exd4 11. Ne2 Ne5 12. Nxe5 dxe5 13. f4 exf4 14. Rxf4 c5 15. Ng3 Qd6 16. Qf3 b5 17. Ba2 Nh7 18. Rxf7 Be6 19. Nf5 Bxf5 20. Rd7+ 1-0

[Event "RN-2012-0-00498"]
[Site "LSS email"]
[Date "2012.06.29"]
[Round "?"]
[White "Goepfert, Christian"]
[Black "Testa, Italo"]
[Result "0-1"]
[WhiteElo "563"]
[BlackElo "953"]
[PlyCount "34"]
[EventDate "2012.06.17"]
[EventType "tourn (corr)"]
[EventRounds "6"]
[EventCountry "GER"]
[SourceTitle "Corr 2015"]
[Source "ChessBase"]
[SourceDate "2015.07.17"]
[SourceVersion "1"]
[SourceVersionDate "2015.07.17"]
[SourceQuality "1"]

1. e4 e5 2. Nf3 d6 3. d4 exd4 4. Qxd4 Bd7 5. Nc3 Nf6 6. e5 Nc6 7. Qe3 dxe5 8. Nxe5 Be7 9. Bb5 Nxe5 10. Qxe5 0-0 11. 0-0 Bd6 12. Qd4 a6 13. Bxd7 Qxd7 14. Bg5 Bxh2+ 15. Kxh2 Qxd4 16. Bxf6 Qxf6 17. Nd5 Qe5+ 0-1

[Event "RN-2012-0-00498"]
[Site "LSS email"]
[Date "2012.06.29"]
[Round "?"]
[White "Testa, Italo"]
[Black "Bester, Kazimierz"]
[Result "0-1"]
[WhiteElo "953"]
[BlackElo "615"]
[PlyCount "98"]
[EventDate "2012.06.17"]
[EventType "tourn (corr)"]
[EventRounds "6"]
[EventCountry "GER"]
[SourceTitle "Telechess CBM 155"]
[Source "ChessBase"]
[SourceDate "2013.07.16"]
[SourceVersion "1"]
[SourceVersionDate "2013.07.16"]
[SourceQuality "1"]

1. e4 d5 2. exd5 Qxd5 3. Nc3 Qa5 4. Nf3 Nc6 5. h3 Bf5 6. d3 Nf6 7. Bd2 0-0-0 8. Be2 e5 9. 0-0 Bb4 10. a3 Be7 11. b4 Qb6 12. Be3 Nd4 13. Na4 Qc6 14. c4 Nxe2+ 15. Qxe2 Bxd3 16. b5 Bxe2 17. bxc6 Bxf1 18. cxb7+ Kb8 19. Kxf1 Nd7 20. c5 Kxb7 21. Rc1 c6 22. Rb1+ Ka6 23. Rb4 f6 24. Nh4 g6 25. Nf3 Rb8 26. Rc4 Rb1+ 27. Ke2 Ra1 28. Bc1 Kb5 29. Rb4+ Ka5 30. Bd2 Ka6 31. Ne1 Rxa3 32. Nc2 Rxa4 33. Rxa4+ Kb7 34. Be3 Bxc5 35. Bd2 Nb6 36. Ra2 Nc4 37. Ne3 Nxe3 38. Bxe3 Bxe3 39. Kxe3 f5 40. f3 Rd8 41. Rb2+ Kc7 42. Ra2 Ra8 43. g4 fxg4 44. fxg4 a5 45. Ke4 Kd6 46. Rd2+ Ke6 47. Ra2 a4 48. Ra3 Ra5 49. h4 c5 0-1

[Event "RN-2012-0-00477"]
[Site "LSS email"]
[Date "2012.05.04"]
[Round "?"]
[White "Testa, Italo"]
[Black "Linart, Ludvik"]
[Result "1-0"]
[WhiteElo "941"]
[BlackElo "830"]
[PlyCount "37"]
[EventDate "2012.04.21"]
[EventType "tourn (corr)"]
[EventRounds "6"]
[EventCountry "GER"]
[SourceTitle "Telechess CBM 155"]
[Source "ChessBase"]
[SourceDate "2013.07.16"]
[SourceVersion "1"]
[SourceVersionDate "2013.07.16"]
[SourceQuality "1"]

1. e4 e5 2. Nf3 Nc6 3. Bc4 Bc5 4. d3 h6 5. a3 d6 6. Nc3 Bg4 7. h3 Bxf3 8. Qxf3 Nf6 9. Be3 Bxe3 10. fxe3 0-0 11. 0-0 Na5 12. Ba2 Qe7 13. Nd5 Nxd5 14. exd5 b6 15. Rae1 Nb7 16. b4 Nd8 17. e4 Rc8 18. Qg4 f6 19. Qxc8 1-0

[Event "LSS No Engine Cup 62 Preliminary 6"]
[Site "LSS email"]
[Date "2012.03.20"]
[Round "?"]
[White "Testa, Italo"]
[Black "Billion, Paul"]
[Result "1-0"]
[WhiteElo "960"]
[BlackElo "856"]
[PlyCount "69"]
[EventDate "2012.03.21"]
[EventType "tourn (corr)"]
[EventRounds "6"]
[EventCountry "GER"]
[SourceTitle "Telechess CBM 153"]
[Source "ChessBase"]
[SourceDate "2013.03.14"]
[SourceVersion "1"]
[SourceVersionDate "2013.03.14"]
[SourceQuality "1"]

1. e4 e5 2. Nc3 Nf6 3. Bc4 Bc5 4. d3 d6 5. h3 0-0 6. Nf3 Nc6 7. a3 a6 8. 0-0 Bd7 9. Be3 Bxe3 10. fxe3 Qc8 11. Nd5 Nxd5 12. Bxd5 h6 13. c3 Ne7 14. Ba2 Ng6 15. Qd2 Kh8 16. d4 f5 17. exf5 Bxf5 18. dxe5 dxe5 19. Rad1 b5 20. Bd5 Rb8 21. e4 Be6 22. Bxe6 Qxe6 23. Qd5 Qb6+ 24. Kh2 Rbe8 25. h4 Qf6 26. g3 Rd8 27. Qb3 Qc6 28. Rd5 Qe6 29. Qd1 Rxd5 30. Qxd5 Qb6 31. h5 Ne7 32. Qxe5 Qe3 33. Kg2 c6 34. Qxe7 Qe2+ 35. Rf2 1-0

[Event "LSS No Engine Cup 62 Preliminary 6"]
[Site "LSS email"]
[Date "2012.03.20"]
[Round "?"]
[White "Testa, Italo"]
[Black "Potemri, Stefan"]
[Result "0-1"]
[WhiteElo "960"]
[BlackElo "1712"]
[PlyCount "54"]
[EventDate "2012.03.21"]
[EventType "tourn (corr)"]
[EventRounds "6"]
[EventCountry "GER"]
[SourceTitle "Telechess CBM 153"]
[Source "ChessBase"]
[SourceDate "2013.03.14"]
[SourceVersion "1"]
[SourceVersionDate "2013.03.14"]
[SourceQuality "1"]

1. e4 e5 2. Nc3 Nf6 3. Bc4 Bc5 4. h3 0-0 5. d3 h6 6. Nf3 Nc6 7. 0-0 d6 8. Na4 Bb6 9. Nxb6 axb6 10. a3 d5 11. exd5 Nxd5 12. Qe2 Re8 13. Re1 Qd6 14. Bxd5 Qxd5 15. c4 Qd6 16. Be3 Bf5 17. Rad1 Rad8 18. d4 exd4 19. Nxd4 Nxd4 20. Qh5 Qf6 21. Bxd4 Rxe1+ 22. Rxe1 Rxd4 23. b3 Bc2 24. Qb5 Kh7 25. b4 Rd2 26. f3 Qh4 27. Qe5 Qf2+ 0-1

[Event "LSS No Engine Cup 57 Preliminary 1"]
[Site "LSS email"]
[Date "2012.01.15"]
[Round "?"]
[White "O'Brien, Glenn"]
[Black "Testa, Italo"]
[Result "1/2-1/2"]
[WhiteElo "1317"]
[BlackElo "971"]
[PlyCount "84"]
[EventDate "2012.01.16"]
[EventType "tourn (corr)"]
[EventRounds "6"]
[EventCountry "GER"]
[SourceTitle "Corr 2015"]
[Source "ChessBase"]
[SourceDate "2015.07.17"]
[SourceVersion "1"]
[SourceVersionDate "2015.07.17"]
[SourceQuality "1"]

1. e4 e5 2. Nf3 d6 3. d4 exd4 4. Nxd4 Nf6 5. Nc3 Be7 6. Bc4 0-0 7. 0-0 Nc6 8. h3 Nxd4 9. Qxd4 Be6 10. Bxe6 fxe6 11. e5 dxe5 12. Qxe5 Qd6 13. Qe2 Nd5 14. Re1 Nxc3 15. bxc3 Bf6 16. Qxe6+ Qxe6 17. Rxe6 Rae8 18. Rxe8 Rxe8 19. Bd2 Rd8 20. Be1 b5 21. Rb1 c6 22. Kf1 a6 23. a4 Rd5 24. axb5 axb5 25. Ra1 Rc5 26. Ra3 b4 27. cxb4 Rxc2 28. Ra7 Rc1 29. Ke2 Bc3 30. Bxc3 Rxc3 31. Ra5 Kf7 32. b5 cxb5 33. Rxb5 h6 34. Rb7+ Kg6 35. Rd7 Ra3 36. Rd5 Kf6 37. Rd8 Rb3 38. Rc8 Rb2+ 39. Ke3 Rb3+ 40. Ke4 Rb2 41. Rc6+ Kf7 42. Ke3 Rb3+ 1/2-1/2

[Event "LSS No Engine Cup 57 Preliminary 1"]
[Site "LSS email"]
[Date "2012.01.15"]
[Round "?"]
[White "Perez, Giorgio"]
[Black "Testa, Italo"]
[Result "1-0"]
[WhiteElo "1886"]
[BlackElo "971"]
[PlyCount "41"]
[EventDate "2012.01.16"]
[EventType "tourn (corr)"]
[EventRounds "6"]
[EventCountry "GER"]
[SourceTitle "Corr 2015"]
[Source "ChessBase"]
[SourceDate "2015.07.17"]
[SourceVersion "1"]
[SourceVersionDate "2015.07.17"]
[SourceQuality "1"]

1. e4 e5 2. f4 d6 3. Nc3 exf4 4. Nf3 Be7 5. Bc4 Nf6 6. d4 Nc6 7. Bxf4 0-0 8. 0-0 Bg4 9. Qd2 Qd7 10. Rae1 Rae8 11. d5 Na5 12. Bd3 b6 13. b4 Nb7 14. Bb5 Qc8 15. Bxe8 Rxe8 16. Nb5 a6 17. Na7 Qd7 18. e5 dxe5 19. Nxe5 Qa4 20. Nxg4 Nxg4 21. Nc6 1-0

[Event "LSS No Engine Cup 53 Preliminary 2"]
[Site "LSS email"]
[Date "2011.11.03"]
[Round "?"]
[White "Testa, Italo"]
[Black "Braun, Ingram H"]
[Result "0-1"]
[WhiteElo "986"]
[BlackElo "2050"]
[PlyCount "90"]
[EventDate "2011.11.04"]
[EventType "tourn (corr)"]
[EventRounds "6"]
[EventCountry "GER"]
[SourceTitle "Telechess CBM 155"]
[Source "ChessBase"]
[SourceDate "2013.07.16"]
[SourceVersion "1"]
[SourceVersionDate "2013.07.16"]
[SourceQuality "1"]

1. e4 c5 2. Bc4 e6 3. Nc3 a6 4. a3 b5 5. Ba2 Bb7 6. d3 Nc6 7. Nf3 d6 8. 0-0 g6 9. Qe2 Bg7 10. Rb1 Nge7 11. h3 0-0 12. Be3 Nd4 13. Qd1 Qa5 14. Bd2 Qb6 15. Nxd4 cxd4 16. Ne2 d5 17. e5 Bxe5 18. Bh6 Rfc8 19. Qd2 Nf5 20. Bf4 Bg7 21. Rbc1 f6 22. Bh2 Bf8 23. Ng3 Bh6 24. f4 Ne3 25. Rfe1 Bxf4 26. Qf2 Qd6 27. Qf3 Nxc2 28. Rf1 Be5 29. Bb3 Ne3 30. Rfe1 Kg7 31. Kh1 Rxc1 32. Rxc1 Rc8 33. Rxc8 Bxc8 34. h4 Qc7 35. h5 Qc1+ 36. Bg1 Qxb2 37. Bxe3 dxe3 38. Bd1 Qc1 39. Kh2 Qxa3 40. Qxe3 Qd6 41. h6+ Kf7 42. Qa7+ Bd7 43. Qe3 Bxg3+ 44. Qxg3 Qxg3+ 45. Kxg3 e5 0-1

[Event "LSS No Engine Cup 53 Preliminary 2"]
[Site "LSS email"]
[Date "2011.11.03"]
[Round "?"]
[White "Testa, Italo"]
[Black "Couspeyre, Thierry"]
[Result "0-1"]
[WhiteElo "986"]
[BlackElo "1158"]
[PlyCount "44"]
[EventDate "2011.11.04"]
[EventType "tourn (corr)"]
[EventRounds "6"]
[EventCountry "GER"]
[SourceTitle "Telechess CBM 155"]
[Source "ChessBase"]
[SourceDate "2013.07.16"]
[SourceVersion "1"]
[SourceVersionDate "2013.07.16"]
[SourceQuality "1"]

1. e4 d5 2. e5 Nc6 3. d4 Bf5 4. Nf3 e6 5. Bd3 Bxd3 6. Qxd3 Be7 7. c3 f6 8. exf6 Nxf6 9. 0-0 0-0 10. Bf4 Ne4 11. Nbd2 Rxf4 12. Rfe1 Nxd2 13. Qxd2 Re4 14. Rxe4 dxe4 15. Ne1 Ne5 16. Qe3 Nc4 17. Qxe4 Qd5 18. Qxd5 exd5 19. b3 Nd6 20. f3 Nb5 21. Rc1 Bf6 22. a4 Nxc3 0-1

[Event "LSS No Engine Cup 53 Preliminary 2"]
[Site "LSS email"]
[Date "2011.11.03"]
[Round "?"]
[White "Werner, Guenter"]
[Black "Testa, Italo"]
[Result "0-1"]
[WhiteElo "1138"]
[BlackElo "986"]
[PlyCount "70"]
[EventDate "2011.11.04"]
[EventType "tourn (corr)"]
[EventRounds "6"]
[EventCountry "GER"]
[SourceTitle "Telechess CBM 155"]
[Source "ChessBase"]
[SourceDate "2013.07.16"]
[SourceVersion "1"]
[SourceVersionDate "2013.07.16"]
[SourceQuality "1"]

1. e4 c5 2. Nf3 d6 3. d4 cxd4 4. Nxd4 Nc6 5. Nc3 e5 6. Nb3 Nf6 7. Bc4 Be6 8. Nd5 a6 9. Be3 Nxe4 10. Bb6 Qh4 11. Nc7+ Kd7 12. Nxa8 Bxc4 13. Qf3 Be7 14. c3 Ng5 15. Qe3 Rxa8 16. 0-0-0 Ne6 17. Qg3 Qxg3 18. hxg3 Bxb3 19. axb3 h6 20. Be3 Kc7 21. f4 e4 22. g4 Rd8 23. b4 d5 24. Rh5 d4 25. Bd2 e3 26. Be1 d3 27. b5 axb5 28. Rxb5 d2+ 29. Kc2 dxe1Q 30. Rxe1 Rd2+ 31. Kb3 e2 32. f5 Nf4 33. Kc4 Nxg2 34. Rd5 Rxb2 35. Rb5 Rxb5 0-1

[Event "RN-2011-0-00419"]
[Site "LSS email"]
[Date "2011.11.01"]
[Round "?"]
[White "Venturas, Bob"]
[Black "Testa, Italo"]
[Result "1-0"]
[WhiteElo "758"]
[BlackElo "982"]
[PlyCount "53"]
[EventDate "2011.10.13"]
[EventType "tourn (corr)"]
[EventRounds "6"]
[EventCountry "GER"]
[SourceTitle "Telechess CBM 157"]
[Source "ChessBase"]
[SourceDate "2013.11.12"]
[SourceVersion "1"]
[SourceVersionDate "2013.11.12"]
[SourceQuality "1"]

1. e4 c5 2. Nf3 d6 3. h3 Nf6 4. Nc3 e6 5. d4 Be7 6. Bg5 0-0 7. dxc5 dxc5 8. Be2 Nc6 9. 0-0 Nd4 10. Bf4 Nxe2+ 11. Qxe2 Qb6 12. Rab1 Bd7 13. Rfd1 Bc6 14. Bd6 Bxd6 15. Rxd6 Rad8 16. e5 Rxd6 17. exd6 Rd8 18. Rd1 Nd5 19. Qe5 Qxb2 20. Nxd5 Qxe5 21. Ne7+ Kf8 22. Nxe5 Bd7 23. c4 f6 24. Nxd7+ Rxd7 25. f4 g6 26. g4 Kf7 27. Kf2 1-0

[Event "LSS RF-2011-0-00087"]
[Site "LSS email"]
[Date "2011.07.26"]
[Round "?"]
[White "Testa, Italo"]
[Black "Werner, Guenter"]
[Result "0-1"]
[WhiteElo "961"]
[BlackElo "1227"]
[PlyCount "84"]
[EventDate "2011.06.15"]
[EventType "tourn (corr)"]
[EventRounds "6"]
[EventCountry "GER"]
[SourceTitle "Telechess CBM 149"]
[Source "ChessBase"]
[SourceDate "2012.07.17"]
[SourceVersion "1"]
[SourceVersionDate "2012.07.17"]
[SourceQuality "1"]

1. e4 c6 2. d4 d5 3. e5 e6 4. Nf3 Be7 5. c3 f6 6. Bf4 b5 7. Bd3 f5 8. 0-0 a5 9. Nbd2 a4 10. a3 h5 11. h3 g5 12. Bh2 g4 13. Ne1 gxh3 14. gxh3 Kd7 15. Kh1 Kc7 16. Rg1 Nh6 17. f3 Nf7 18. f4 Nd7 19. Nef3 Qe8 20. b3 Nb6 21. Qc2 axb3 22. Qxb3 Ra4 23. Ng5 Nxg5 24. fxg5 Qg6 25. h4 Nc4 26. Bxc4 dxc4 27. Qb2 Bb7 28. Bg3 Rha8 29. Kh2 Bxa3 30. Qc2 Kd7 31. Ra2 Qf7 32. Bf4 c5 33. g6 Qg7 34. Nb1 Bc1 35. Qxc1 Rxa2+ 36. Nd2 cxd4 37. cxd4 R8a3 38. Qb1 Qe7 39. Rg5 c3 40. g7 cxd2 41. Bxd2 Rxd2+ 42. Kg1 Qb4 0-1

[Event "LSS RF-2011-0-00086"]
[Site "LSS email"]
[Date "2011.07.25"]
[Round "?"]
[White "Testa, Italo"]
[Black "Molina, Vicente Andres"]
[Result "1-0"]
[WhiteElo "938"]
[BlackElo "791"]
[PlyCount "57"]
[EventDate "2011.06.06"]
[EventType "tourn (corr)"]
[EventRounds "6"]
[EventCountry "GER"]
[SourceTitle "Telechess CBM 151"]
[Source "ChessBase"]
[SourceDate "2012.11.13"]
[SourceVersion "1"]
[SourceVersionDate "2012.11.13"]
[SourceQuality "1"]

1. e4 c5 2. Bc4 e6 3. Nc3 a6 4. a3 b5 5. Ba2 d6 6. Nf3 Nc6 7. d3 Nf6 8. 0-0 Be7 9. Be3 0-0 10. Qd2 Bb7 11. Rad1 Ne5 12. Nxe5 dxe5 13. f4 exf4 14. Bxf4 Qb6 15. Kh1 Rfd8 16. Qf2 a5 17. h3 Ra6 18. Qg3 Rd7 19. Bh6 Nh5 20. Qg4 g6 21. Rf3 f5 22. exf5 Bxf3 23. gxf3 Rd4 24. Ne4 c4 25. fxg6 Nf6 26. gxh7+ Kf7 27. Qg7+ Ke8 28. Nxf6+ Bxf6 29. h8Q# 1-0

[Event "LSS No Engine Cup 47 Preliminary 2"]
[Site "LSS email"]
[Date "2011.07.25"]
[Round "?"]
[White "Testa, Italo"]
[Black "Schubert, Steffen"]
[Result "0-1"]
[WhiteElo "961"]
[BlackElo "1975"]
[PlyCount "38"]
[EventDate "2011.07.26"]
[EventType "tourn (corr)"]
[EventRounds "6"]
[EventCountry "GER"]
[SourceTitle "Telechess CBM 151"]
[Source "ChessBase"]
[SourceDate "2012.11.13"]
[SourceVersion "1"]
[SourceVersionDate "2012.11.13"]
[SourceQuality "1"]

1. e4 e5 2. Nc3 Nf6 3. Bc4 Nc6 4. Nf3 Nxe4 5. Nxe4 d5 6. Bxd5 Qxd5 7. d3 Be7 8. 0-0 0-0 9. Re1 f6 10. a3 b6 11. Nc3 Qd7 12. Be3 Bb7 13. Qd2 Nd8 14. Qe2 Ne6 15. Rad1 Rad8 16. h3 a5 17. Ne4 f5 18. Neg5 Nxg5 19. Bxg5 Bxf3 0-1